000 00321 a2200157 4500
001 171965
020 _a
040 _cMagnum
100 _aAlbergaria, Lino de
240 1 0 _aTulio e a chuva
_lpor
245 1 0 _aTulio e a chuva
362 0 _a1899
440 1 _aFTD
697 _aIJ/SOCIEDADE COTIDIANO
942 _cBK
999 _c171965
_d171965